Madden NFL 24 Top 50 RBs - Statistics

General Stats
  • This quiz has been taken 1,788 times
  • The average score is 30 of 50
Answer Stats
Club Overall Player % Correct
Cleveland Browns 97 Nick Chubb
99%
San Francisco 49ers 96 Christian McCaffrey
98%
Tennessee Titans 94 Derrick Henry
97%
New York Giants 93 Saquon Barkley
97%
Las Vegas Raiders 95 Josh Jacobs
96%
New York Jets 82 Breece Hall
90%
Indianapolis Colts 89 Jonathan Taylor
89%
Green Bay Packers 88 Aaron Jones
88%
Cincinnati Bengals 87 Joe Mixon
88%
Seattle Seahawks 87 Kenneth Walker III
83%
Dallas Cowboys 88 Tony Pollard
83%
New Orleans Saints 86 Alvin Kamara
82%
Los Angeles Chargers 89 Austin Ekeler
82%
Atlanta Falcons 81 Bijan Robinson
78%
Washington Commanders 79 Brian Robinson Jr
77%
New York Jets 90 Dalvin Cook
75%
New England Patriots 84 Ezekiel Elliott
71%
Pittsburgh Steelers 83 Najee Harris
70%
Buffalo Bills 79 Damien Harris
69%
Detroit Lions 82 David Montgomery
68%
New Orleans Saints 85 Jamaal Williams
67%
Denver Broncos 82 Javonte Williams
67%
Philadelphia Eagles 81 D'Andre Swift
66%
Kansas City Chiefs 80 Isiah Pacheco
65%
Detroit Lions 77 Jahmyr Gibbs
64%
Miami Dolphins 79 Raheem Mostert
64%
Jacksonville Jaguars 84 Travis Etienne Jr
64%
Carolina Panthers 86 Miles Sanders
63%
Baltimore Ravens 78 J.K. Dobbins
59%
Baltimore Ravens 77 Gus Edwards
55%
New England Patriots 80 Rhamondre Stevenson
55%
Houston Texans 83 Dameon Pierce
51%
Los Angeles Rams 81 Cam Akers
48%
San Francisco 49ers 80 Elijah Mitchell
48%
Green Bay Packers 78 A.J. Dillon
46%
Atlanta Falcons 85 Cordarrelle Patterson
46%
Arizona Cardinals 77 James Conner
46%
Houston Texans 80 Devin Singletary
39%
Minnesota Vikings 76 Alexander Mattison
36%
Kansas City Chiefs 76 Clyde Edwards-Helaire
36%
Washington Commanders 77 Antonio Gibson
34%
Atlanta Falcons 78 Tyler Allgeier
32%
Chicago Bears 77 Khalil Herbert
31%
San Francisco 49ers 87 Kyle Juszczyk
31%
Kansas City Chiefs 78 Jerick McKinnon
29%
Chicago Bears 77 D'Onta Foreman
21%
Denver Broncos 78 Samaje Perine
21%
Baltimore Ravens 81 Patrick Ricard
20%
Philadelphia Eagles 79 Rashaad Penny
18%
Miami Dolphins 77 Alec Ingold
9%
No matching quizzes found
Score Distribution
Percent of People with Each Score
Percentile by Number Answered
Your Score History
You have not taken this quiz